000 01002cam a2200301 a 4500
001 4233858
003 ARRUPE
005 20131203132518.0
008 830301m19822003fr c b 000 0 fre
010 _a 82196873
020 _a2701010470 (v. 1)
020 _a270101445X (v. 2)
040 _aDLC
_cDLC
_dDLC
_dOCoLC
050 0 0 _aB2430
_b.W461 1982
082 0 0 _a100
_219
100 1 _aWeil, Eric.
_94712
245 1 0 _aPhilosophie et réalité :
_bderniers essais et conférences /
_cEric Weil.
260 _aParis :
_bBeauchesne,
_cc1982-c2003.
300 _a2 v. :
_bport. ;
_c22 cm.
440 0 _aBibliothèque des archives de philosophie ;
_vnouv. sér., 37
_94713
490 1 _aCollection "La grenier à sel"
500 _aSubtitle for vol. 2: Inédits suivis de le cas Heidegger.
504 _aIncludes bibliographical references.
650 0 _aPhilosophy.
_94714
830 0 _aGrenier à sel.
_94715
906 _a7
_bcbc
_corignew
_d3
_encip
_f19
_gy-gencatlg
942 _2lcc
_cMONOGRAPH
999 _c118941
_d118941